Birds : a photographic guide to the birds of Peninsular Malaysia and Singapore

Bibliographic Details
Main Authors: Strange, Morten (Author), Jeyarajasingam, Allen (Author)
Format: Book
Published: Singapore : Sun Tree Publishing , c1993
Subjects:

MARC

LEADER 00000cam a2200000 7i4500
001 0000003531
005 20021118093000.0
008 021118n
090 0 0 |a QL691.M3   |b S7 1993 
100 0 |a Strange, Morten ,   |e author 
245 0 0 |a Birds :   |b a photographic guide to the birds of Peninsular Malaysia and Singapore   |c by Morten Strange, Allen Jeyarajasingam 
260 2 |a Singapore :   |b Sun Tree Publishing ,   |c c1993 
300 |a 253 p. ; ;   |c 23 cm. 
504 |a Bibliography: p. 251 
650 0 |a Birds   |z Malaysia   |x Identification 
650 0 |a Birds   |z Singapore   |x Identification 
700 0 |a Jeyarajasingam, Allen ,   |e author 
999 |a 1000051956   |b Book   |c Reference   |e Gong Badak Campus